Normal view
MARC view
Entry Personal Name
001 - CONTROL NUMBER
- control field: 47907
003 - CONTROL NUMBER IDENTIFIER
- control field: OSt
005 - DATE AND TIME OF LATEST TRANSACTION
- control field: 20160320162720.0
008 - FIXED-LENGTH DATA ELEMENTS
- fixed length control field: 160320|| aca||aabn | a|a d
040 ## - CATALOGING SOURCE
- Original cataloging agency: OSt
- Transcribing agency: OSt
100 ## - HEADING--PERSONAL NAME
- Personal name: खुराना उषा
670 ## - SOURCE DATA FOUND
- Source citation: Work cat.: (OSt)22356: खुराना उषा , कम्प्यूटर प्रवेशिका , 2006









